00337nam a22001217a 450000500170000000800410001708200100005811000240006824500640009226000420015630000090019865000080020720200607120858.0200607b xxu||||| |||| 00| 0 eng d a345.4 aALL INDIA REPORTER  aALL INDIA REPORTER , 1967 (V-54) PUNJAB - HARYANA SECTION  aMUMBAI bALL INDIA REPORTER PVT, LTD. a40;p aLAW